| 000 | 00992nam a22001817a 4500 | ||
|---|---|---|---|
| 003 | OSt | ||
| 005 | 20260428095720.0 | ||
| 008 | 260428b |||||||| |||| 00| 0 eng d | ||
| 020 | _a9788179044346 | ||
| 040 |
_aDWCL GS lib _cOC |
||
| 082 | _aFic. D754 2008 | ||
| 100 | _aDoyle, Arthur Conan | ||
| 245 |
_aadventures of sherlockhomes _cArthur Conan Doyle |
||
| 260 |
_aIndia _bApple Books _cc2008 |
||
| 300 |
_a140 _bB&W illustrations |
||
| 520 | _aThese stories are projected in simple, lucid language with which the native speakers speak. Ease and perfection, employing the right words, however, retaining the original events and sequence, reading these stories as non-detailed studies is sure to enhance effective and excellent command over the english language to the growing mind. With few idioms and phrases as well as great sayings woven in between, these books are just choc-a bl;ock for schooling | ||
| 942 |
_2ddc _cFIC. _hFic. D754 2008 _n0 |
||
| 999 |
_c10047 _d10047 |
||